[Event "2019 US Open Invitationals (Denker, Barber, Haring, Senior)"]
[Site "Orlando, United States"]
[Date "2019.08.03"]
[Round "1.1"]
[White "Zeng, Sheena"]
[Black "Li, Ben"]
[Result "1/2-1/2"]
[WhiteElo "2172"]
[BlackElo "2470"]

1. d4 {[%clk 01:30:29]} {[%emt 00:00:18]} d5 {[%clk 01:29:49]} {[%emt
00:03:26]} 2. c4 {[%clk 01:30:53]} {[%emt 00:00:05]} c6 {[%clk 01:28:41]}
{[%emt 00:01:38]} 3. cxd5 {[%clk 01:31:11]} {[%emt 00:00:25]} cxd5 {[%clk
01:29:07]} 4. Nc3 {[%clk 01:31:33]} {[%emt 00:00:13]} Nf6 {[%clk 01:29:21]}
{[%emt 00:00:09]} 5. Bf4 {[%clk 01:31:43]} {[%emt 00:00:16]} Nc6 {[%clk
01:29:45]} {[%emt 00:00:04]} 6. e3 {[%clk 01:31:59]} {[%emt 00:00:10]} a6
{[%clk 01:30:11]} {[%emt 00:00:19]} 7. Be2 {[%clk 01:31:57]} {[%emt 00:00:16]}
Bf5 {[%clk 01:30:08]} {[%emt 00:00:50]} 8. Nf3 {[%clk 01:31:52]} {[%emt
00:00:18]} e6 {[%clk 01:30:36]} {[%emt 00:00:09]} 9. Qb3 {[%clk 01:32:09]}
{[%emt 00:00:06]} Bd6 {[%clk 01:27:04]} {[%emt 00:04:02]} 10. Bxd6 {[%clk
01:28:21]} {[%emt 00:04:52]} Qxd6 {[%clk 01:27:32]} 11. Qxb7 {[%clk 01:28:09]}
{[%emt 00:00:10]} O-O {[%clk 01:27:37]} {[%emt 00:00:24]} 12. Qb3 {[%clk
01:28:22]} {[%emt 00:00:18]} Nb4 {[%clk 01:20:01]} {[%emt 00:08:09]} 13. O-O
{[%clk 01:20:42]} {[%emt 00:08:16]} Nc2 {[%clk 00:56:27]} {[%emt 00:23:57]} 14.
Rac1 {[%clk 01:13:14]} {[%emt 00:07:57]} Rfb8 {[%clk 00:55:50]} {[%emt
00:01:06]} 15. Qa4 {[%clk 01:12:45]} {[%emt 00:01:23]} Rb4 {[%clk 00:50:54]}
{[%emt 00:05:05]} 16. Qa5 {[%clk 01:12:05]} {[%emt 00:01:08]} Rxb2 {[%clk
00:51:15]} {[%emt 00:00:22]} 17. Nd1 {[%clk 01:04:33]} {[%emt 00:07:51]} Rbb8
{[%clk 00:35:29]} {[%emt 00:16:15]} 18. Ne5 {[%clk 00:52:58]} {[%emt 00:12:04]}
h6 {[%clk 00:32:19]} {[%emt 00:03:40]} 19. Nc3 {[%clk 00:38:44]} {[%emt
00:14:43]} Bh7 {[%clk 00:21:00]} {[%emt 00:11:51]} 20. Na4 {[%clk 00:27:08]}
{[%emt 00:12:04]} Qa3 {[%clk 00:20:56]} {[%emt 00:00:34]} 21. Nc6 {[%clk
00:27:25]} {[%emt 00:00:13]} Rc8 {[%clk 00:20:26]} {[%emt 00:01:45]} 22. Nb6
{[%clk 00:27:02]} {[%emt 00:00:08]} Qd6 {[%clk 00:11:44]} {[%emt 00:09:20]} 23.
Nxc8 {[%clk 00:25:42]} {[%emt 00:01:54]} Rxc8 {[%clk 00:12:13]} 24. Nb4 {[%clk
00:24:03]} {[%emt 00:02:28]} Qb8 {[%clk 00:07:49]} {[%emt 00:04:24]} 25. Nxc2
{[%clk 00:19:04]} {[%emt 00:05:37]} Rxc2 {[%clk 00:08:16]} 26. Rxc2 {[%clk
00:13:57]} {[%emt 00:05:36]} Bxc2 {[%clk 00:08:44]} 27. Qc3 {[%clk 00:09:39]}
{[%emt 00:04:46]} Bf5 {[%clk 00:08:59]} {[%emt 00:00:13]} 28. Rc1 {[%clk
00:09:12]} {[%emt 00:01:03]} Qb6 {[%clk 00:08:49]} {[%emt 00:00:33]} 29. Bd3
{[%clk 00:08:59]} {[%emt 00:00:43]} Bxd3 {[%clk 00:08:59]} {[%emt 00:00:21]} 30.
Qxd3 {[%clk 00:09:23]} {[%emt 00:00:33]} g6 {[%clk 00:09:27]} 31. Qb3 {[%clk
00:09:27]} {[%emt 00:00:10]} Qa5 {[%clk 00:09:51]} 32. h3 {[%clk 00:06:01]}
{[%emt 00:03:52]} Kg7 {[%clk 00:10:09]} {[%emt 00:00:21]} 33. a3 {[%clk
00:06:16]} {[%emt 00:00:07]} Qd2 {[%clk 00:10:08]} {[%emt 00:00:40]} 34. Qc2
{[%clk 00:06:21]} {[%emt 00:00:15]} Qa5 {[%clk 00:10:33]} {[%emt 00:00:12]} 35.
Qc5 {[%clk 00:04:20]} {[%emt 00:02:27]} Qd2 {[%clk 00:10:44]} {[%emt 00:00:17]}
36. Qc2 {[%clk 00:03:51]} {[%emt 00:01:00]} Qa5 {[%clk 00:11:07]} {[%emt
00:00:34]} 37. Qc3 {[%clk 00:03:48]} {[%emt 00:00:09]} Qb5 {[%clk 00:11:36]}
{[%emt 00:00:08]} 38. f3 {[%clk 00:03:42]} {[%emt 00:00:35]} g5 {[%clk
00:10:49]} {[%emt 00:01:07]} 39. Re1 {[%clk 00:03:28]} {[%emt 00:00:47]} Nh5
{[%clk 00:10:20]} {[%emt 00:00:57]} 40. Kf2 {[%clk 00:02:54]} {[%emt 00:01:06]}
Qb8 {[%clk 00:10:38]} {[%emt 00:00:09]} 41. Kg1 {[%clk 00:02:39]} {[%emt
00:00:48]} Qb5 {[%clk 00:11:07]} {[%emt 00:00:08]} 42. Kf2 {[%clk 00:01:48]}
{[%emt 00:01:11]} Qb8 {[%emt 00:00:20]} 43. Kg1 {[%clk 00:02:13]} Qb5 {[%emt
00:02:26]} 44. Kf2 Qb8 45. Kg1 Qb5 {[%emt 00:00:11]} 46. Kf2 Qb8 47. Kg1
1/2-1/2

[Event "2019 US Open Invitationals (Denker, Barber, Haring, Senior)"]
[Site "Orlando, United States"]
[Date "2019.08.03"]
[Round "1.2"]
[White "Tiglon, Bryce"]
[Black "Kothapalli, Pradhyumna"]
[Result "1-0"]
[WhiteTitle "IM"]
[WhiteElo "2454"]
[BlackElo "2152"]

1. e4 {[%clk 01:27:16]} c5 {[%clk 01:30:27]} {[%emt 00:00:27]} 2. Nf3 {[%clk
01:27:34]} d6 {[%clk 01:30:49]} {[%emt 00:00:10]} 3. Bb5+ {[%clk 01:27:45]}
{[%emt 00:00:09]} Bd7 {[%clk 01:31:07]} {[%emt 00:00:11]} 4. Bxd7+ {[%clk
01:27:58]} {[%emt 00:00:14]} Nxd7 {[%clk 01:31:29]} {[%emt 00:00:23]} 5. O-O
{[%clk 01:28:08]} {[%emt 00:00:09]} g6 {[%clk 01:31:39]} {[%emt 00:00:19]} 6.
c3 {[%clk 01:23:41]} {[%emt 00:04:54]} Ngf6 {[%clk 01:31:19]} {[%emt 00:00:55]}
7. Qe2 {[%clk 01:22:33]} {[%emt 00:01:33]} Bg7 {[%clk 01:29:22]} {[%emt
00:02:25]} 8. d4 {[%clk 01:22:24]} {[%emt 00:01:22]} cxd4 {[%clk 01:26:26]}
{[%emt 00:03:17]} 9. cxd4 {[%clk 01:22:33]} {[%emt 00:00:09]} e5 {[%clk
01:25:56]} {[%emt 00:00:39]} 10. dxe5 {[%clk 01:16:51]} {[%emt 00:06:29]} dxe5
{[%clk 01:26:17]} 11. Rd1 {[%clk 01:17:08]} {[%emt 00:00:09]} Qe7 {[%clk
01:21:11]} {[%emt 00:05:32]} 12. Nc3 {[%clk 01:11:14]} {[%emt 00:06:25]} O-O
{[%clk 01:18:11]} {[%emt 00:03:32]} 13. Bg5 {[%clk 01:11:24]} {[%emt 00:00:34]}
Qe6 {[%clk 01:15:10]} {[%emt 00:03:14]} 14. Nd2 {[%clk 01:02:28]} {[%emt
00:09:29]} Rac8 {[%clk 01:08:29]} {[%emt 00:07:09]} 15. Nf1 {[%clk 01:01:18]}
{[%emt 00:01:43]} h6 {[%clk 01:05:57]} {[%emt 00:02:59]} 16. Bxf6 {[%clk
00:58:24]} {[%emt 00:03:24]} Nxf6 {[%clk 01:03:07]} {[%emt 00:03:25]} 17. Ne3
{[%clk 00:58:27]} {[%emt 00:00:25]} Nd7 {[%clk 00:54:54]} {[%emt 00:08:40]} 18.
Nb5 {[%clk 00:45:58]} {[%emt 00:13:05]} a6 {[%clk 00:48:03]} {[%emt 00:07:14]}
19. Nd6 {[%clk 00:46:08]} {[%emt 00:00:36]} Rc7 {[%clk 00:46:38]} {[%emt
00:01:39]} 20. Nd5 {[%clk 00:44:56]} {[%emt 00:01:43]} Rc6 {[%clk 00:30:29]}
{[%emt 00:16:38]} 21. Nxb7 {[%clk 00:43:44]} {[%emt 00:01:42]} Rfc8 {[%clk
00:28:05]} {[%emt 00:02:54]} 22. Na5 {[%clk 00:38:45]} {[%emt 00:05:29]} Rc2
{[%clk 00:24:49]} {[%emt 00:03:53]} 23. Rd2 {[%clk 00:38:43]} {[%emt 00:00:24]}
Rxd2 {[%clk 00:24:15]} {[%emt 00:01:08]} 24. Qxd2 {[%clk 00:39:08]} {[%emt
00:00:12]} f5 {[%clk 00:24:35]} {[%emt 00:00:08]} 25. Rc1 {[%clk 00:26:14]}
{[%emt 00:13:17]} Rxc1+ {[%clk 00:21:36]} {[%emt 00:03:57]} 26. Qxc1 {[%clk
00:26:40]} fxe4 {[%clk 00:21:49]} {[%emt 00:00:10]} 27. Qc4 {[%clk 00:26:52]}
{[%emt 00:00:17]} Kh7 {[%clk 00:21:10]} {[%emt 00:00:53]} 28. Qxe4 {[%clk
00:25:26]} {[%emt 00:01:55]} Nf6 {[%clk 00:20:22]} {[%emt 00:01:18]} 29. Nxf6+
{[%clk 00:25:25]} {[%emt 00:00:35]} Qxf6 {[%clk 00:20:24]} {[%emt 00:00:23]} 30.
Nc4 {[%clk 00:24:54]} {[%emt 00:01:29]} Qg5 {[%clk 00:19:50]} {[%emt 00:00:37]}
31. g3 {[%clk 00:24:54]} {[%emt 00:00:33]} Qe7 {[%clk 00:18:08]} {[%emt
00:02:09]} 32. Kg2 {[%clk 00:25:09]} {[%emt 00:00:35]} Qc5 {[%clk 00:17:53]}
{[%emt 00:00:26]} 33. b3 {[%clk 00:22:16]} {[%emt 00:03:21]} Qb4 {[%clk
00:12:25]} {[%emt 00:06:19]} 34. Qd5 {[%clk 00:22:04]} {[%emt 00:00:25]} Qe1
{[%clk 00:12:17]} {[%emt 00:00:37]} 35. Nd6 {[%clk 00:21:12]} {[%emt 00:01:19]}
Qe2 {[%clk 00:11:44]} {[%emt 00:01:04]} 36. Ne8 {[%clk 00:20:38]} {[%emt
00:01:04]} e4 {[%clk 00:09:03]} {[%emt 00:03:11]} 37. Qf7 {[%clk 00:20:57]}
{[%emt 00:00:20]} Qb2 {[%clk 00:08:51]} {[%emt 00:00:47]} 38. Qxg7+ {[%clk
00:21:08]} {[%emt 00:00:05]} Qxg7 {[%clk 00:09:15]} {[%emt 00:00:07]} 39. Nxg7
{[%clk 00:21:34]} {[%emt 00:00:05]} Kxg7 {[%clk 00:09:38]} {[%emt 00:00:17]} 40.
f3 {[%clk 00:21:56]} exf3+ {[%clk 00:09:49]} {[%emt 00:00:14]} 41. Kxf3 {[%clk
00:22:22]} {[%emt 00:00:25]} Kf6 {[%clk 00:10:15]} 42. Ke4 {[%clk 00:22:46]}
Ke6 {[%clk 00:10:40]} {[%emt 00:00:20]} 43. b4 {[%clk 00:23:13]} Kd6 {[%clk
00:11:04]} 44. a4 {[%clk 00:23:40]} Ke6 {[%clk 00:11:23]} {[%emt 00:00:08]} 45.
b5 {[%clk 00:23:55]} {[%emt 00:00:04]} a5 {[%clk 00:11:48]} {[%emt 00:00:30]}
46. Kd4 {[%clk 00:24:17]} {[%emt 00:00:04]} Kd6 {[%clk 00:12:14]} 47. h3 {[%clk
00:24:34]} {[%emt 00:00:12]} Kc7 {[%clk 00:12:15]} {[%emt 00:00:12]} 48. Ke5
{[%clk 00:24:44]} {[%emt 00:00:35]} Kb6 {[%clk 00:12:40]} 49. Kf6 {[%clk
00:25:05]} Kc5 {[%clk 00:13:03]} {[%emt 00:00:10]} 50. Kxg6 {[%clk 00:25:30]}
{[%emt 00:00:03]} Kb4 {[%clk 00:13:31]} {[%emt 00:00:03]} 51. b6 {[%clk
00:25:52]} {[%emt 00:00:06]} Kxa4 {[%clk 00:13:55]} {[%emt 00:00:33]} 52. b7
{[%clk 00:26:20]} Ka3 {[%clk 00:14:23]} 53. b8=Q {[%clk 00:26:40]} a4 {[%clk
00:14:51]} 54. Qb1 {[%clk 00:26:30]} {[%emt 00:00:28]} h5 {[%clk 00:15:15]}
{[%emt 00:00:33]} 55. Qa1+ {[%clk 00:26:57]} Kb3 {[%clk 00:15:42]} {[%emt
00:00:03]} 56. Kxh5 {[%clk 00:27:23]} a3 {[%clk 00:16:09]} 57. Kh4 {[%clk
00:27:42]} a2 {[%clk 00:16:37]} {[%emt 00:00:08]} 58. Kg4 {[%clk 00:28:07]} Ka3
{[%clk 00:17:05]} {[%emt 00:00:04]} 59. Kf3 {[%clk 00:28:32]} Kb3 {[%clk
00:18:04]} 60. Kg2 {[%clk 00:29:24]} {[%emt 00:00:14]} Ka3 {[%clk 00:18:32]} 61.
h4 {[%clk 00:29:46]} {[%emt 00:00:03]} Kb3 {[%clk 00:19:01]} {[%emt 00:00:08]}
62. h5 {[%clk 00:29:55]} {[%emt 00:00:56]} Ka3 {[%clk 00:19:29]} 63. h6 {[%clk
00:30:18]} Kb3 {[%clk 00:19:56]} 64. h7 {[%clk 00:30:41]} Ka3 {[%clk 00:20:24]}
{[%emt 00:00:05]} 65. h8=Q {[%clk 00:31:05]} Kb3 {[%clk 00:20:53]} 66. Qhb2+
{[%clk 00:31:28]} Ka4 {[%clk 00:21:19]} 67. Kg1 {[%clk 00:31:55]} Ka5 {[%clk
00:21:45]} 68. g4 {[%clk 00:32:21]} {[%emt 00:00:03]} Ka4 {[%clk 00:22:13]}
{[%emt 00:00:04]} 69. Kh1 {[%clk 00:32:48]} {[%emt 00:00:03]} Ka5 {[%clk
00:22:39]} {[%emt 00:00:04]} 70. Qaxa2# {[%clk 00:33:14]} {[%emt 00:00:03]} 1-0

[Event "2019 US Open Invitationals (Denker, Barber, Haring, Senior)"]
[Site "Orlando, United States"]
[Date "2019.08.03"]
[Round "1.3"]
[White "Cheng, Daniel"]
[Black "Sinha, Sahil"]
[Result "1/2-1/2"]
[WhiteElo "2132"]
[BlackElo "2400"]

1. d4 {[%clk 01:30:27]} {[%emt 00:00:17]} Nf6 {[%clk 01:30:26]} 2. c4 {[%clk
01:30:40]} {[%emt 00:00:12]} e6 {[%clk 01:30:49]} {[%emt 00:00:07]} 3. Nc3
{[%clk 01:30:41]} {[%emt 00:00:25]} Bb4 {[%clk 01:31:01]} {[%emt 00:00:52]} 4.
Qc2 {[%clk 01:31:10]} O-O {[%clk 01:31:14]} {[%emt 00:00:12]} 5. a3 {[%clk
01:31:36]} Bxc3+ {[%clk 01:31:04]} {[%emt 00:00:35]} 6. Qxc3 {[%clk 01:32:04]}
d6 {[%clk 01:31:22]} {[%emt 00:00:21]} 7. Bg5 {[%clk 01:32:28]} Nbd7 {[%clk
01:30:39]} {[%emt 00:01:30]} 8. e3 {[%clk 01:32:52]} b6 {[%clk 01:30:48]} 9.
Bd3 {[%clk 01:33:13]} Bb7 {[%clk 01:30:41]} {[%emt 00:00:49]} 10. Ne2 {[%clk
01:33:33]} h6 {[%clk 01:29:40]} {[%emt 00:01:26]} 11. Bxf6 {[%clk 01:29:17]}
{[%emt 00:04:45]} Nxf6 {[%clk 01:26:33]} {[%emt 00:03:40]} 12. O-O {[%clk
01:28:35]} {[%emt 00:01:08]} c5 {[%clk 01:23:44]} {[%emt 00:03:23]} 13. Rad1
{[%clk 01:14:41]} {[%emt 00:14:39]} Rc8 {[%clk 01:20:19]} {[%emt 00:03:37]} 14.
dxc5 {[%clk 01:04:14]} {[%emt 00:11:11]} bxc5 {[%clk 01:16:21]} {[%emt
00:04:16]} 15. Bb1 {[%clk 00:51:57]} {[%emt 00:12:44]} Qb6 {[%clk 01:13:46]}
{[%emt 00:03:06]} 16. Ng3 {[%clk 00:49:34]} {[%emt 00:02:54]} Rfd8 {[%clk
01:07:18]} {[%emt 00:06:57]} 17. e4 {[%clk 00:44:17]} {[%emt 00:05:45]} Bc6
{[%clk 01:02:12]} {[%emt 00:05:36]} 18. e5 {[%clk 00:39:58]} {[%emt 00:04:52]}
dxe5 {[%clk 01:00:41]} {[%emt 00:02:06]} 19. Qxe5 {[%clk 00:38:55]} {[%emt
00:01:42]} Qb7 {[%clk 00:50:17]} {[%emt 00:10:58]} 20. f3 {[%clk 00:34:22]}
{[%emt 00:04:54]} Ba4 {[%clk 00:50:04]} {[%emt 00:00:34]} 21. Rxd8+ {[%clk
00:22:24]} {[%emt 00:12:27]} Rxd8 {[%clk 00:50:26]} {[%emt 00:00:13]} 22. b4
{[%clk 00:15:45]} {[%emt 00:07:07]} cxb4 {[%clk 00:41:28]} {[%emt 00:09:23]} 23.
Qa5 {[%clk 00:16:05]} {[%emt 00:00:26]} Qd7 {[%clk 00:41:32]} {[%emt 00:00:13]}
24. axb4 {[%clk 00:16:14]} {[%emt 00:00:20]} Bb3 {[%clk 00:36:46]} {[%emt
00:05:28]} 25. Ba2 {[%clk 00:10:15]} {[%emt 00:06:21]} Qd4+ {[%clk 00:29:06]}
{[%emt 00:08:06]} 26. Kh1 {[%clk 00:08:16]} {[%emt 00:02:27]} Bxa2 {[%clk
00:27:44]} {[%emt 00:02:06]} 27. Qxa2 {[%clk 00:08:39]} Qc3 {[%clk 00:27:22]}
{[%emt 00:00:54]} 28. b5 {[%clk 00:07:04]} {[%emt 00:01:55]} Rd2 {[%clk
00:23:34]} {[%emt 00:04:44]} 29. Qxa7 {[%clk 00:06:42]} {[%emt 00:00:36]} Qxc4
{[%clk 00:23:58]} 30. b6 {[%clk 00:05:56]} {[%emt 00:01:13]} Nh5 {[%clk
00:20:16]} {[%emt 00:04:27]} 31. Qb8+ {[%clk 00:01:56]} {[%emt 00:04:14]} Kh7
{[%clk 00:20:39]} {[%emt 00:00:24]} 32. Rg1 {[%clk 00:01:22]} {[%emt 00:00:47]}
Nxg3+ {[%clk 00:15:03]} {[%emt 00:06:08]} 33. Qxg3 {[%clk 00:01:38]} {[%emt
00:00:15]} Qd4 {[%clk 00:15:32]} {[%emt 00:00:03]} 34. Qc7 {[%clk 00:00:59]}
{[%emt 00:01:04]} f5 {[%clk 00:15:02]} {[%emt 00:01:02]} 35. h3 {[%clk
00:00:40]} {[%emt 00:00:48]} Rb2 {[%clk 00:14:27]} {[%emt 00:01:06]} 36. b7
{[%clk 00:00:59]} {[%emt 00:00:18]} Qa7 {[%clk 00:13:16]} {[%emt 00:01:32]} 37.
Qf7 {[%clk 00:01:14]} {[%emt 00:00:26]} Qa6 {[%clk 00:11:31]} {[%emt 00:02:05]}
38. Re1 {[%clk 00:01:27]} {[%emt 00:00:42]} Rxb7 {[%clk 00:10:32]} {[%emt
00:01:08]} 39. Qxe6 {[%clk 00:01:54]} Qd3 {[%clk 00:08:58]} {[%emt 00:02:02]}
40. Re5 {[%clk 00:01:40]} {[%emt 00:01:04]} f4 {[%clk 00:07:35]} {[%emt
00:01:38]} 41. Re4 {[%clk 00:00:37]} {[%emt 00:01:30]} Qd1+ {[%clk 00:05:27]}
{[%emt 00:02:37]} 42. Kh2 {[%clk 00:00:34]} {[%emt 00:00:37]} Qd2 {[%clk
00:03:30]} {[%emt 00:02:24]} 43. Qf5+ {[%clk 00:00:58]} {[%emt 00:00:10]} g6
{[%clk 00:03:58]} {[%emt 00:00:04]} 44. Qxf4 {[%clk 00:00:35]} {[%emt
00:00:46]} Qxf4+ {[%clk 00:04:22]} {[%emt 00:00:15]} 45. Rxf4 {[%clk 00:01:04]}
Kg7 {[%clk 00:04:51]} 46. Kg3 {[%clk 00:01:29]} {[%emt 00:00:15]} Rb2 {[%clk
00:05:15]} 47. h4 {[%clk 00:01:23]} {[%emt 00:00:28]} g5 {[%clk 00:05:13]}
{[%emt 00:00:31]} 48. Ra4 {[%clk 00:01:28]} {[%emt 00:00:23]} Kg6 {[%clk
00:05:07]} {[%emt 00:01:02]} 49. Ra6+ {[%clk 00:01:21]} {[%emt 00:00:13]} Kg7
{[%clk 00:04:51]} {[%emt 00:00:45]} 50. h5 {[%clk 00:01:05]} {[%emt 00:00:48]}
Rb4 {[%clk 00:04:59]} {[%emt 00:00:20]} 51. Rg6+ {[%clk 00:01:23]} {[%emt
00:00:11]} Kh7 {[%clk 00:05:28]} {[%emt 00:00:15]} 52. Kf2 {[%clk 00:01:30]}
{[%emt 00:00:05]} Rb2+ {[%clk 00:05:56]} {[%emt 00:00:16]} 53. Kg1 {[%clk
00:01:47]} {[%emt 00:00:05]} Rb1+ {[%clk 00:05:31]} {[%emt 00:00:58]} 54. Kh2
{[%clk 00:02:09]} {[%emt 00:00:04]} Rb4 {[%clk 00:05:59]} {[%emt 00:00:22]} 55.
g4 {[%clk 00:02:25]} {[%emt 00:00:20]} Rb2+ {[%clk 00:05:36]} {[%emt 00:00:27]}
56. Kg3 {[%clk 00:02:54]} {[%emt 00:00:19]} Ra2 {[%clk 00:05:44]} {[%emt
00:00:05]} 57. Rd6 {[%clk 00:02:54]} {[%emt 00:00:28]} Kg7 {[%clk 00:05:39]}
{[%emt 00:00:44]} 58. Rd7+ {[%clk 00:03:19]} {[%emt 00:00:07]} Kg8 {[%clk
00:06:07]} 59. Re7 {[%clk 00:02:35]} {[%emt 00:01:05]} Rb2 {[%clk 00:06:27]}
{[%emt 00:00:17]} 60. Re3 {[%clk 00:02:12]} {[%emt 00:00:46]} Kg7 {[%clk
00:06:11]} {[%emt 00:00:47]} 61. f4 {[%clk 00:02:24]} {[%emt 00:00:34]} gxf4+
{[%clk 00:06:27]} {[%emt 00:00:06]} 62. Kxf4 {[%clk 00:02:51]} Kf6 {[%clk
00:06:34]} {[%emt 00:00:39]} 63. Ra3 {[%clk 00:01:48]} {[%emt 00:01:14]} Rb4+
{[%clk 00:06:40]} {[%emt 00:00:29]} 64. Kg3 {[%clk 00:02:13]} Rb6 {[%clk
00:06:38]} {[%emt 00:00:32]} 65. Ra7 {[%clk 00:01:56]} {[%emt 00:00:50]} Ke5
{[%clk 00:04:15]} {[%emt 00:02:48]} 66. Rg7 {[%clk 00:01:37]} {[%emt 00:00:48]}
Rf6 {[%clk 00:04:12]} {[%emt 00:00:37]} 67. Kh4 {[%clk 00:01:26]} {[%emt
00:00:37]} Ra6 {[%clk 00:02:57]} {[%emt 00:01:52]} 68. Re7+ {[%clk 00:01:06]}
{[%emt 00:00:44]} Kf6 {[%clk 00:02:47]} {[%emt 00:00:43]} 69. Rb7 {[%clk
00:01:23]} {[%emt 00:00:11]} Rd6 {[%clk 00:02:13]} {[%emt 00:01:04]} 70. Rh7
{[%clk 00:01:32]} {[%emt 00:00:21]} Ke5 {[%clk 00:02:38]} {[%emt 00:00:26]} 71.
Rf7 {[%clk 00:01:32]} {[%emt 00:00:04]} Rf6 {[%clk 00:02:43]} {[%emt 00:00:30]}
72. Rg7 {[%clk 00:01:23]} {[%emt 00:00:41]} Ra6 {[%clk 00:02:15]} {[%emt
00:00:56]} 73. Rg8 {[%clk 00:01:21]} {[%emt 00:00:33]} Rb6 {[%clk 00:02:26]}
{[%emt 00:00:18]} 74. Rg7 {[%clk 00:00:50]} {[%emt 00:01:00]} Ra6 {[%clk
00:02:54]} {[%emt 00:00:26]} 75. Re7+ {[%clk 00:00:49]} {[%emt 00:00:11]} Kf6
{[%clk 00:03:09]} {[%emt 00:00:13]} 76. Rc7 {[%clk 00:00:59]} {[%emt 00:00:19]}
Rb6 {[%clk 00:03:25]} {[%emt 00:00:40]} 77. Rh7 {[%clk 00:01:02]} {[%emt
00:00:04]} Ke5 {[%clk 00:03:43]} {[%emt 00:00:19]} 78. Rf7 {[%clk 00:00:52]}
{[%emt 00:00:46]} Rf6 {[%clk 00:04:00]} {[%emt 00:00:13]} 79. Re7+ {[%clk
00:00:42]} {[%emt 00:00:48]} Re6 {[%clk 00:04:16]} {[%emt 00:00:04]} 80. Rg7
{[%clk 00:00:37]} {[%emt 00:00:41]} Ra6 {[%clk 00:04:38]} 81. Rg6 {[%clk
00:01:02]} Rd6 {[%clk 00:04:01]} {[%emt 00:01:03]} 82. Rxd6 {[%clk 00:00:52]}
{[%emt 00:00:36]} Kxd6 {[%clk 00:04:30]} {[%emt 00:00:30]} 83. Kg3 {[%clk
00:01:03]} {[%emt 00:00:03]} Ke6 {[%clk 00:04:29]} {[%emt 00:00:21]} 84. Kf3
{[%clk 00:01:22]} {[%emt 00:00:12]} Kf7 {[%clk 00:04:51]} {[%emt 00:00:05]} 85.
Ke3 {[%clk 00:01:30]} {[%emt 00:00:23]} Ke7 {[%clk 00:04:59]} {[%emt 00:00:26]}
86. Kd4 {[%clk 00:01:36]} {[%emt 00:00:20]} Kf6 {[%clk 00:05:18]} {[%emt
00:00:25]} 87. Ke4 {[%clk 00:01:58]} Ke6 {[%clk 00:05:45]} 88. Kf4 {[%clk
00:02:14]} {[%emt 00:00:14]} Kf6 {[%clk 00:06:12]} {[%emt 00:00:17]} 89. g5+
{[%clk 00:02:42]} hxg5+ {[%clk 00:06:40]} 90. Kg4 {[%clk 00:03:06]} Kg7 {[%clk
00:07:08]} 91. Kxg5 {[%clk 00:03:33]} Kh7 {[%clk 00:07:36]} 92. h6 {[%clk
00:03:57]} {[%emt 00:00:19]} Kh8 {[%clk 00:08:00]} {[%emt 00:00:04]} 93. Kg6
{[%clk 00:04:03]} {[%emt 00:00:12]} Kg8 {[%clk 00:08:28]} 94. h7+ {[%clk
00:04:18]} {[%emt 00:00:34]} Kh8 {[%clk 00:08:56]} 95. Kh6 {[%clk 00:04:46]}
1/2-1/2